[Event "SVK-chT3B2 2122"]
[Site "Slovakia"]
[Date "2022.05.08"]
[Round "10.7"]
[White "Holeckova, Ema"]
[Black "Ciupa, Adam"]
[Result "1-0"]
[WhiteElo "1036"]
[BlackElo "1000"]
[PlyCount "61"]
[EventDate "2021.10.24"]
[EventType "team-tourn"]
[EventRounds "11"]
[EventCountry "SVK"]
[SourceTitle "EXT 2024"]
[Source "ChessBase"]
[SourceDate "2023.10.10"]
[SourceVersion "1"]
[SourceVersionDate "2023.10.10"]
[SourceQuality "1"]
[WhiteTeam "Dubnica nad Vahom IV"]
[BlackTeam "Puchov Vcielka"]
[WhiteTeamCountry "SVK"]
[BlackTeamCountry "SVK"]

1. e4 e5 2. Nf3 Nc6 3. Nc3 Bc5 4. Bc4 d6 5. 0-0 Nf6 6. h3 Qe7 7. d3 0-0 8. Bd2 Be6 9. Be3 Bb6 10. Bxb6 axb6 11. a3 Ra5 12. b4 Ra7 13. Qd2 Bxc4 14. dxc4 h6 15. Nd5 Qe6 16. Qd3 Rc8 17. c3 Ne7 18. b5 c6 19. Nxb6 Rc7 20. Rfe1 Nc8 21. Nxc8 Rxc8 22. a4 cxb5 23. cxb5 Rc4 24. Nd2 Rcxa4 25. Rxa4 Rxa4 26. c4 Nd7 27. Rc1 Nc5 28. Qc2 b6 29. Nb3 d5 30. Nxc5 bxc5 31. cxd5 1-0

[Event "SVK-chT3B2 2122"]
[Site "Slovakia"]
[Date "2021.10.24"]
[Round "1.8"]
[White "Ciupa, Adam"]
[Black "Kotlarik, Marek"]
[Result "0-1"]
[WhiteElo "1000"]
[BlackElo "1429"]
[PlyCount "64"]
[EventDate "2021.10.24"]
[EventType "team-tourn"]
[EventRounds "11"]
[EventCountry "SVK"]
[SourceTitle "EXT 2023"]
[Source "ChessBase"]
[SourceDate "2022.10.05"]
[SourceVersion "1"]
[SourceVersionDate "2022.10.05"]
[SourceQuality "1"]
[WhiteTeam "Puchov Vcielka"]
[BlackTeam "Trencin"]
[WhiteTeamCountry "SVK"]
[BlackTeamCountry "SVK"]

1. d4 Nf6 2. Bf4 e6 3. e3 c5 4. Nc3 cxd4 5. Nb5 d6 6. Qxd4 e5 7. Nxd6+ Bxd6 8. Bxe5 Qa5+ 9. Qc3 Bb4 10. Nf3 0-0 11. a3 Bxc3+ 12. Bxc3 Qf5 13. Bd3 Qg4 14. h3 Qxg2 15. Rg1 Qxf3 16. Bxf6 Qxf6 17. 0-0-0 Qxf2 18. e4 Be6 19. Kb1 Nc6 20. Rgf1 Qb6 21. h4 Ne5 22. h5 Rad8 23. h6 Nxd3 24. cxd3 Qb3 25. d4 Qa2+ 26. Kc1 Rc8+ 27. Kd2 Qxb2+ 28. Ke3 Qg2 29. Rg1 Rc3+ 30. Kf4 Qf3+ 31. Ke5 Qf6+ 32. Kd6 Rd8# 0-1